000 00643nam a22001337a 4500
003 NUST
020 _a978-0-19-275866-8
082 _a423, OXF
100 _aHigson, Charlie, Andy Stanton, Jeremy Strong and Jacqueline Wilson
_997759
245 _aOxford Children’s Colour Dictionary
_cby Charlie Higson
300 _a191: pages
505 _aIntroduction (Page-4), How to use a Dictionary(Page-5),Top ten grammar tips (Page-6), Top ten punctuation tips (Page-8), Top ten spelling tips (Page-10), Top words you need to spell (page-12), Oxford children's colour dictionary (Page13-182), Top ten writing tip (Page-183).
942 _2ddc
_cBK
999 _c591156
_d591156